15 principales países afectados por Covid19 - 3 de noviembre 2021 - Estadísticas

Estadísticas generales
  • Esta prueba ha sido intentada 7 veces
  • La puntuación promedio es 16 de 27
Estadísticas de respuestas
país % Correcto
Brasil
100%
Colombia
100%
España
100%
Estados Unidos
100%
Italia
100%
México
100%
Reino Unido
100%
Alemania
86%
Argentina
86%
India
86%
Indonesia
86%
Rusia
86%
Francia
71%
Croacia
57%
Irán
57%
Turquía
57%
Bélgica
43%
Chequia
43%
Países Bajos
43%
Eslovenia
29%
Baréin
14%
Estonia
14%
Georgia
14%
Israel
14%
Letonia
14%
Lituania
14%
Serbia
14%
No se encontraron pruebas coincidentes
Distribución de puntuación
Porcentaje de gente con cada puntuación
Porcentaje por número respondido
Historial de tus puntuaciones
No has intentado esta prueba.